[Event "Titled Tuesday intern op 16th Apr Early"]
[Site "Chess.com INT"]
[Date "2024.04.16"]
[Round "3"]
[White "Enkhrii, Enkh Amgalan"]
[Black "Navalgund, Niranjan"]
[Result "0-1"]
[WhiteElo "1942"]
[BlackElo "2168"]
[PlyCount "94"]
[EventDate "2024.04.16"]
[EventType "swiss (blitz)"]
[EventRounds "11"]
[EventCountry "USA"]
[SourceTitle "CB17_2024"]
[SourceDate "2024.04.24"]
[SourceVersion "1"]
[SourceVersionDate "2024.04.24"]
[SourceQuality "1"]

1. e4 c5 2. Nf3 a6 3. Nc3 g6 4. d4 cxd4 5. Nxd4 Bg7 6. Be3 Nc6 7. Qd2 Nf6 8. f3 0-0 9. Bc4 b5 10. Bb3 d5 11. Nxd5 Nxd4 12. Qxd4 Bb7 13. Nxf6+ Bxf6 14. Qxd8 Rfxd8 15. c3 b4 16. cxb4 Bxb2 17. Rb1 Bc3+ 18. Ke2 a5 19. b5 a4 20. Bc4 Rac8 21. Bd3 a3 22. Rhc1 Bb2 23. Rd1 Rc3 24. Rd2 Kf8 25. Bh6+ Ke8 26. Rbd1 Bc1 27. Bg7 Bxd2 28. Rxd2 f6 29. e5 fxe5 30. Bxe5 Rc5 31. f4 Bd5 32. Ke3 Bc4 33. Bd4 Rcc8 34. Be4 Bxb5 35. g4 Rc1 36. h4 Re1+ 37. Kf3 Rf1+ 38. Kg3 Re1 39. Kf3 Rh1 40. h5 gxh5 41. Bxh7 h4 42. Bg6+ Kf8 43. Be4 Rd6 44. g5 h3 45. Kg3 Re1 46. Bf3 h2 47. Kxh2 Bc6 0-1

[Event "Titled Tuesday intern op 16th Apr Early"]
[Site "Chess.com INT"]
[Date "2024.04.16"]
[Round "8"]
[White "Harish, Neeraj"]
[Black "Navalgund, Niranjan"]
[Result "1-0"]
[WhiteElo "2213"]
[BlackElo "2168"]
[PlyCount "73"]
[EventDate "2024.04.16"]
[EventType "swiss (blitz)"]
[EventRounds "11"]
[EventCountry "USA"]
[SourceTitle "CB17_2024"]
[SourceDate "2024.04.24"]
[SourceVersion "1"]
[SourceVersionDate "2024.04.24"]
[SourceQuality "1"]

1. e4 c5 2. Nf3 b6 3. d4 cxd4 4. Nxd4 Bb7 5. Nc3 e6 6. Be3 Bc5 7. Qd2 f6 8. 0-0-0 Ne7 9. Nb3 Bxe3 10. Qxe3 0-0 11. h4 f5 12. e5 f4 13. Qd2 Nbc6 14. Nb5 Nxe5 15. Qd6 N7g6 16. h5 Nf7 17. Qxd7 Qxd7 18. Rxd7 Bc6 19. Rc7 Bxb5 20. Bxb5 Nge5 21. Re1 Rac8 22. Rxa7 Nd6 23. Rxe5 f3 24. g3 Rfd8 25. a4 h6 26. Rxe6 Nxb5 27. axb5 Rd3 28. Kb1 Rd1+ 29. Ka2 Rd5 30. Rg6 Rxb5 31. Rgxg7+ Kf8 32. Raf7+ Ke8 33. Nd4 Ra5+ 34. Kb3 Rca8 35. Re7+ Kd8 36. Nc6+ Kc8 37. Rc7# 1-0

[Event "Titled Tuesday intern op 16th Apr Early"]
[Site "Chess.com INT"]
[Date "2024.04.16"]
[Round "5"]
[White "Navalgund, Niranjan"]
[Black "Adireddy, Arjun"]
[Result "1-0"]
[WhiteElo "2168"]
[BlackElo "2300"]
[PlyCount "91"]
[EventDate "2024.04.16"]
[EventType "swiss (blitz)"]
[EventRounds "11"]
[EventCountry "USA"]
[SourceTitle "CB17_2024"]
[SourceDate "2024.04.24"]
[SourceVersion "1"]
[SourceVersionDate "2024.04.24"]
[SourceQuality "1"]

1. e4 c5 2. d4 cxd4 3. c3 Nf6 4. e5 Nd5 5. Nf3 d6 6. cxd4 Nc6 7. Bc4 e6 8. 0-0 Be7 9. Qe2 0-0 10. Rd1 Re8 11. Nc3 Nxc3 12. bxc3 d5 13. Bd3 Bd7 14. h4 h6 15. g4 f6 16. exf6 Bxf6 17. g5 e5 18. gxf6 Qxf6 19. dxe5 Nxe5 20. Nxe5 Rxe5 21. Qf1 Qxh4 22. Qg2 Rf8 23. Qg3 Qh5 24. Bf4 Rxf4 25. Qxf4 Bh3 26. f3 Rg5+ 27. Kf2 Rg2+ 28. Ke3 Qe8+ 29. Kd4 Qa4+ 30. Ke3 Qe8+ 31. Kd4 Qa4+ 32. c4 dxc4 33. Bxc4+ Kh7 34. Qe4+ Rg6 35. Rg1 Qd7+ 36. Kc3 Bf5 37. Qd4 Qc6 38. Rxg6 Qxf3+ 39. Kb4 Bxg6 40. Qc3 Qc6 41. a4 Qd6+ 42. Kb3 Qb6+ 43. Ka3 Qc5+ 44. Ka2 a6 45. Bg8+ Kxg8 46. Qxc5 1-0

[Event "Titled Tuesday intern op 25th Jul Early"]
[Site "Chess.com INT"]
[Date "2023.07.25"]
[Round "2"]
[White "Navalgund, Niranjan"]
[Black "Torres Hernandez, Leslie Carolin"]
[Result "0-1"]
[WhiteElo "2168"]
[BlackElo "1861"]
[PlyCount "82"]
[EventDate "2023.07.25"]
[EventType "swiss (blitz)"]
[EventRounds "11"]
[EventCountry "USA"]
[SourceTitle "EXT 2024"]
[Source "ChessBase"]
[SourceDate "2023.10.10"]
[SourceVersion "1"]
[SourceVersionDate "2023.10.10"]
[SourceQuality "1"]

1. e4 e6 2. Qe2 Nc6 3. Nc3 e5 4. Nf3 Bc5 5. g3 Nf6 6. Bg2 d6 7. h3 a6 8. 0-0 0-0 9. d3 Qe7 10. Be3 Bxe3 11. fxe3 Be6 12. Nh4 Qd7 13. Rxf6 gxf6 14. Rf1 Ne7 15. Kh2 Kh8 16. Rxf6 Ng6 17. Qh5 Rg8 18. Nf5 Qd8 19. Rxe6 fxe6 20. Nh6 Rg7 21. h4 Qe8 22. Bh3 Nf8 23. Qf3 Qg6 24. Ng4 h5 25. Nf2 Rf7 26. Qg2 Nh7 27. Ne2 Raf8 28. Nh1 Nf6 29. Nf2 Ng4+ 30. Bxg4 Rxf2 31. Bh3 Rxg2+ 32. Kxg2 Qh6 33. Ng1 Qxe3 34. Kh1 Qxg3 35. Bg2 Rf2 36. Bf3 Rxf3 37. Nxf3 Qxf3+ 38. Kh2 Qd1 39. Kg3 Qxc2 40. Kf3 Qxd3+ 41. Kf2 Qxe4 0-1

[Event "Titled Tuesday intern op 27th Jun Early"]
[Site "Chess.com INT"]
[Date "2023.06.27"]
[Round "2"]
[White "Navalgund, Niranjan"]
[Black "Biriukov, Ilja"]
[Result "0-1"]
[WhiteElo "2200"]
[BlackElo "2311"]
[PlyCount "152"]
[EventDate "2023.06.27"]
[EventType "swiss (blitz)"]
[EventRounds "11"]
[EventCountry "USA"]
[SourceTitle "EXT 2024"]
[Source "ChessBase"]
[SourceDate "2023.10.10"]
[SourceVersion "1"]
[SourceVersionDate "2023.10.10"]
[SourceQuality "1"]

1. e4 c5 2. d4 cxd4 3. c3 d3 4. f4 Nc6 5. Nf3 d6 6. Na3 g6 7. Nc4 Bg7 8. Bxd3 Nf6 9. a4 0-0 10. 0-0 Be6 11. Ne3 Ng4 12. f5 Nxe3 13. Bxe3 Bd7 14. Qe1 Ne5 15. Be2 Bc6 16. Qh4 Qc7 17. Bh6 Bxe4 18. Ng5 Qb6+ 19. Kh1 Bxf5 20. Bxg7 Kxg7 21. Qxh7+ Kf6 22. Qh4 Kg7 23. Qh7+ Kf6 24. Rxf5+ gxf5 25. Qh6+ Ng6 26. Rf1 Rh8 27. Nh7+ Rxh7 28. Qxh7 Rh8 29. Rxf5+ Kxf5 30. Qxf7+ Kg5 31. Qe6 Qc5 32. g3 Qe5 33. Qc4 d5 34. h4+ Kf6 35. Qg4 Qe4+ 36. Kh2 Qxg4 37. Bxg4 Ne5 38. Be2 Nc4 39. b3 Nd2 40. b4 Ne4 41. c4 Nd2 42. cxd5 Ke5 43. Kh3 Kxd5 44. g4 Ke5 45. g5 Kf4 46. Bd3 Ne4 47. g6 Ng5+ 48. Kg2 Ne6 49. Bc4 Ng7 50. Kh3 Nf5 51. Bf7 Rxh4+ 52. Kg2 Ng7 53. Kf2 Ke5 54. Ke3 Rxb4 55. a5 Ra4 56. a6 Rxa6 57. Kd3 Rf6 58. Kc4 Ke4 59. Kc5 b6+ 60. Kb5 a5 61. Kc4 Ke5 62. Bd5 Kd6 63. Bf7 Rf4+ 64. Kb5 Rb4+ 65. Ka6 Kc5 66. Kb7 a4 67. Kc7 a3 68. Kd7 Rc4 69. Kxe7 a2 70. Kf6 a1Q+ 71. Ke7 Qe5+ 72. Kf8 Rd4 73. Kg8 Rd8+ 74. Kh7 Qf6 75. Bg8 Nf5 76. Bf7 Qg7# 0-1

[Event "Titled Tuesday intern op 18th Oct Early"]
[Site "Chess.com INT"]
[Date "2022.10.18"]
[Round "1"]
[White "Navalgund, Niranjan"]
[Black "Paravyan, David"]
[Result "0-1"]
[WhiteElo "2246"]
[BlackElo "2589"]
[PlyCount "50"]
[EventDate "2022.10.18"]
[EventType "swiss (blitz)"]
[EventRounds "11"]
[EventCountry "USA"]
[SourceTitle "EXT 2024"]
[Source "ChessBase"]
[SourceDate "2023.10.10"]
[SourceVersion "1"]
[SourceVersionDate "2023.10.10"]
[SourceQuality "1"]

1. e4 e5 2. Nf3 Nf6 3. Nc3 Nc6 4. d4 exd4 5. Nxd4 Bb4 6. Nxc6 bxc6 7. Bd3 0-0 8. Bd2 d5 9. 0-0 Bxc3 10. Bxc3 dxe4 11. Bxf6 Qxf6 12. Bxe4 Qxb2 13. Bxc6 Rb8 14. Rb1 Qxb1 15. Qxb1 Rxb1 16. Rxb1 Rd8 17. f3 Kf8 18. Rb8 Ke7 19. Ra8 Rd1+ 20. Kf2 Be6 21. Be4 Rd2+ 22. Kg3 f5 23. Bd3 g5 24. f4 Bd5 25. fxg5 Bxa8 0-1

[Event "Titled Tuesday intern op 11th Oct Early"]
[Site "Chess.com INT"]
[Date "2022.10.11"]
[Round "5"]
[White "Causo, Deniel"]
[Black "Navalgund, Niranjan"]
[Result "0-1"]
[WhiteElo "2224"]
[BlackElo "2246"]
[PlyCount "68"]
[EventDate "2022.10.11"]
[EventType "swiss (blitz)"]
[EventRounds "11"]
[EventCountry "USA"]
[SourceTitle "EXT 2024"]
[Source "ChessBase"]
[SourceDate "2023.10.10"]
[SourceVersion "1"]
[SourceVersionDate "2023.10.10"]
[SourceQuality "1"]

1. e4 e5 2. Nf3 Nf6 3. Nc3 d5 4. exd5 e4 5. Ne5 Bd6 6. Nc4 0-0 7. Ne3 c6 8. dxc6 Nxc6 9. d4 exd3 10. Bxd3 Ne5 11. Be2 a6 12. 0-0 Re8 13. b3 Qc7 14. Bb2 Be6 15. h3 Rad8 16. Qc1 Ng6 17. Rd1 Nf4 18. Bf3 Bxh3 19. gxh3 Nxh3+ 20. Kf1 Be5 21. Ncd5 Nxd5 22. Rxd5 Bxb2 23. Qxb2 Qh2 24. Bg2 Qg1+ 25. Ke2 Qxf2+ 26. Kd3 Qxe3+ 27. Kc4 b5+ 28. Kb4 Rxd5 29. Bxd5 a5+ 30. Kxa5 Qd2+ 31. b4 Qxd5 32. Re1 Ra8+ 33. Kb6 Rb8+ 34. Ka5 Qa8# 0-1

[Event "Titled Tuesday intern op 11th Oct Early"]
[Site "Chess.com INT"]
[Date "2022.10.11"]
[Round "1"]
[White "Navalgund, Niranjan"]
[Black "Remizov, Yaroslav"]
[Result "0-1"]
[WhiteElo "2246"]
[BlackElo "2389"]
[PlyCount "70"]
[EventDate "2022.10.11"]
[EventType "swiss (blitz)"]
[EventRounds "11"]
[EventCountry "USA"]
[SourceTitle "EXT 2024"]
[Source "ChessBase"]
[SourceDate "2023.10.10"]
[SourceVersion "1"]
[SourceVersionDate "2023.10.10"]
[SourceQuality "1"]

1. e4 c6 2. Nf3 d5 3. Nc3 dxe4 4. Nxe4 Nf6 5. Qe2 Nxe4 6. Qxe4 Qd5 7. Qf4 Qf5 8. Qg3 Qxc2 9. Be2 Qe4 10. d3 Qg4 11. Qc7 Na6 12. Qe5 f6 13. Qe3 Qxg2 14. Rg1 Qh3 15. a3 Qe6 16. Qd2 Nc5 17. Nd4 Qd5 18. Qc3 e5 19. Nc2 Nb3 20. Rb1 Nxc1 21. Rxc1 Be6 22. Ne3 Qb3 23. Qd2 g6 24. Rc3 Qb6 25. Nc4 Qc7 26. Qe3 Bxc4 27. dxc4 Bg7 28. h4 b6 29. h5 g5 30. Qe4 0-0-0 31. c5 b5 32. a4 Rd4 33. Qf5+ Qd7 34. h6 Qxf5 35. hxg7 Qb1+ 0-1

[Event "Titled Tuesday intern op 11th Oct Early"]
[Site "Chess.com INT"]
[Date "2022.10.11"]
[Round "6"]
[White "Navalgund, Niranjan"]
[Black "Sadubayev, Airat"]
[Result "0-1"]
[WhiteElo "2246"]
[BlackElo "2315"]
[PlyCount "56"]
[EventDate "2022.10.11"]
[EventType "swiss (blitz)"]
[EventRounds "11"]
[EventCountry "USA"]
[SourceTitle "EXT 2024"]
[Source "ChessBase"]
[SourceDate "2023.10.10"]
[SourceVersion "1"]
[SourceVersionDate "2023.10.10"]
[SourceQuality "1"]

1. e4 d6 2. Bc4 Nf6 3. Nc3 g6 4. Nf3 Bg7 5. e5 dxe5 6. Nxe5 0-0 7. d4 Nbd7 8. 0-0 Nb6 9. Bb3 c6 10. Bg5 Nfd5 11. Ne4 f6 12. c4 Nc7 13. Qe2 fxe5 14. dxe5 Be6 15. Rad1 Nd7 16. Nd6 Rb8 17. Ne4 Qe8 18. f4 Qf7 19. Bh4 h6 20. g4 Rbd8 21. f5 gxf5 22. gxf5 Bxf5 23. c5 Nd5 24. Ng3 Qg6 25. e6 Bg4 26. Qd2 Nxc5 27. Rxf8+ Bxf8 28. Bxd5 Rxd5 0-1

[Event "Titled Tuesday intern op 30th Aug Early"]
[Site "Chess.com INT"]
[Date "2022.08.30"]
[Round "1"]
[White "Kilic, Eray"]
[Black "Navalgund, Niranjan"]
[Result "1-0"]
[WhiteElo "2417"]
[BlackElo "2246"]
[PlyCount "85"]
[EventDate "2022.08.30"]
[EventType "swiss (blitz)"]
[EventRounds "11"]
[EventCountry "USA"]
[SourceTitle "EXT 2023"]
[Source "ChessBase"]
[SourceDate "2022.10.05"]
[SourceVersion "1"]
[SourceVersionDate "2022.10.05"]
[SourceQuality "1"]

1. e4 e5 2. Nf3 Nc6 3. Bb5 a6 4. Ba4 Nf6 5. 0-0 Be7 6. Re1 b5 7. Bb3 d6 8. c3 0-0 9. h3 Nb8 10. d4 Nbd7 11. Bg5 Bb7 12. Nbd2 Re8 13. dxe5 Nxe5 14. Nxe5 dxe5 15. Qe2 Nd7 16. Be3 Nc5 17. Rad1 Qc8 18. Qh5 Nxb3 19. Nxb3 Bxe4 20. Qxe5 Bd6 21. Qg5 Re6 22. Qh4 Qb7 23. Na5 Qc8 24. Bd4 f5 25. f3 Bc2 26. Rc1 Bd3 27. Rxe6 Qxe6 28. Re1 Qxa2 29. Nc6 Qf7 30. Nd8 Qg6 31. Re6 Bg3 32. Rxg6 Bxh4 33. Rxg7+ Kf8 34. Ne6+ Ke8 35. Nxc7+ Kf8 36. Nxa8 Be7 37. Nc7 Bd6 38. Ne6+ Ke8 39. Rxh7 Bg3 40. Bf2 Be5 41. Ra7 a5 42. Bd4 Bxd4+ 43. cxd4 1-0

[Event "Titled Tuesday intern op 30th Aug Early"]
[Site "Chess.com INT"]
[Date "2022.08.30"]
[Round "8"]
[White "Navalgund, Niranjan"]
[Black "Sokolovsky, Yahli"]
[Result "0-1"]
[WhiteElo "2246"]
[BlackElo "2398"]
[PlyCount "96"]
[EventDate "2022.08.30"]
[EventType "swiss (blitz)"]
[EventRounds "11"]
[EventCountry "USA"]
[SourceTitle "EXT 2023"]
[Source "ChessBase"]
[SourceDate "2022.10.05"]
[SourceVersion "1"]
[SourceVersionDate "2022.10.05"]
[SourceQuality "1"]

1. e4 g6 2. h4 h5 3. d4 Bg7 4. Bc4 d6 5. Nf3 Bg4 6. c3 Nf6 7. Qb3 0-0 8. Ng5 d5 9. exd5 Nbd7 10. d6 e6 11. Qxb7 cxd6 12. f3 Bf5 13. Qb3 Rb8 14. Qd1 Nb6 15. Be2 Nbd5 16. Na3 e5 17. Nc4 e4 18. Ne3 Nxe3 19. Bxe3 Rxb2 20. Rb1 Rxb1 21. Qxb1 exf3 22. Bd3 fxg2 23. Rg1 Re8 24. Bxf5 Rxe3+ 25. Kd2 Rg3 26. Bd3 Bh6 27. Qb7 Bxg5+ 28. hxg5 Rxg5 29. Bc4 d5 30. Bd3 Qa5 31. Qb3 Qc7 32. Qd1 Qf4+ 33. Kc2 Qe3 34. Kb3 h4 35. Re1 Qxe1 36. Qxe1 g1Q 37. Qe7 Qf2 38. Qxa7 h3 39. Qe7 h2 40. Qd8+ Kg7 41. Bxg6 Rxg6 42. Kb4 h1Q 43. Kc5 Qhh2 44. a4 Ne4+ 45. Kb5 Qb2+ 46. Ka5 Qxc3+ 47. Kb5 Qc4+ 48. Ka5 Qd2# 0-1

[Event "Titled Tuesday intern op 16th Aug Early"]
[Site "Chess.com INT"]
[Date "2022.08.16"]
[Round "3"]
[White "Navalgund, Niranjan"]
[Black "Krsnik Cohar, Ivan Vihor"]
[Result "0-1"]
[WhiteElo "2246"]
[BlackElo "2296"]
[PlyCount "98"]
[EventDate "2022.08.16"]
[EventType "swiss (blitz)"]
[EventRounds "11"]
[EventCountry "USA"]
[SourceTitle "EXT 2023"]
[Source "ChessBase"]
[SourceDate "2022.10.05"]
[SourceVersion "1"]
[SourceVersionDate "2022.10.05"]
[SourceQuality "1"]

1. e4 c5 2. d4 cxd4 3. c3 g6 4. h3 Bg7 5. Nf3 d5 6. exd5 Qxd5 7. cxd4 Nf6 8. Nc3 Qa5 9. Bb5+ Nbd7 10. 0-0 0-0 11. Re1 e6 12. Bf4 a6 13. Bc4 b5 14. Bb3 Bb7 15. Bd6 Rfd8 16. Ng5 Nf8 17. Be7 Re8 18. Bc5 h6 19. Nge4 Nxe4 20. Nxe4 Red8 21. Qf3 Qc7 22. Nf6+ Kh8 23. Qe3 Bxf6 24. Qxh6+ Kg8 25. Re3 Bg7 26. Qg5 Qc6 27. Be7 Bh6 28. Qg3 Bxe3 29. Bxd8 Bxf2+ 30. Qxf2 Rxd8 31. Rf1 Rd7 32. d5 exd5 33. Qd4 Ne6 34. Qf6 Nc5 35. Qd4 Nxb3 36. axb3 Rc7 37. Kh2 Qd6+ 38. Kh1 Qc5 39. Qf6 d4 40. Rf4 Qe7 41. Qxd4 Rd7 42. Qf2 Qd6 43. Qh4 Qe6 44. Kh2 Kg7 45. Qg3 Qe7 46. h4 Rd5 47. Qc3+ Qe5 48. Qg3 Qe6 49. Qd3 Rxd3 0-1

[Event "Titled Tuesday intern op 24th May Early"]
[Site "Chess.com INT"]
[Date "2022.05.24"]
[Round "9"]
[White "Navalgund, Niranjan"]
[Black "Taboas Rodriguez, Daniel"]
[Result "0-1"]
[WhiteElo "2246"]
[BlackElo "2353"]
[PlyCount "138"]
[EventDate "2022.05.24"]
[EventType "swiss (blitz)"]
[EventRounds "11"]
[EventCountry "USA"]
[SourceTitle "EXT 2023"]
[Source "ChessBase"]
[SourceDate "2022.10.05"]
[SourceVersion "1"]
[SourceVersionDate "2022.10.05"]
[SourceQuality "1"]

1. e4 e6 2. d4 d5 3. Bd2 dxe4 4. Bc3 Nf6 5. Nd2 Nc6 6. Nb3 Nd5 7. Bc4 e3 8. Qe2 exf2+ 9. Qxf2 Qg5 10. Bd2 Qf6 11. Nf3 h6 12. 0-0-0 Bd6 13. Nc5 Bf4 14. Ne4 Bxd2+ 15. Qxd2 Qg6 16. Ng3 0-0 17. Rdf1 Bd7 18. c3 Rae8 19. Qf2 Nf4 20. Nh4 Nd3+ 21. Bxd3 Qxd3 22. Rd1 Qb5 23. Kb1 Na5 24. Ne4 Bc6 25. Rhe1 Nc4 26. Nc5 b6 27. a4 Qxb2+ 28. Qxb2 Nxb2 29. Kxb2 bxc5 30. dxc5 Bxa4 31. Ra1 Rb8+ 32. Kc1 Bb5 33. Rxa7 Ra8 34. Rxa8 Rxa8 35. Kb2 Bc4 36. Re4 Bd5 37. Rg4 Ra2+ 38. Kb1 Rf2 39. c4 Bc6 40. Kc1 g5 41. Nf3 Bxf3 42. gxf3 Rxf3 43. Rd4 Kg7 44. Rd7 Rc3+ 45. Kd2 Rxc4 46. Rxc7 h5 47. Kd3 Rc1 48. Kd2 Rh1 49. c6 Rxh2+ 50. Kd3 Rh1 51. Kd2 Ra1 52. Rb7 Ra6 53. c7 Rc6 54. Ke3 Kf6 55. Ke4 h4 56. Kf3 Kf5 57. Rb5+ e5 58. Rb7 g4+ 59. Kg2 Kf4 60. c8Q Rxc8 61. Rxf7+ Kg5 62. Rg7+ Kf5 63. Rf7+ Kg6 64. Re7 Rc2+ 65. Kf1 Kf5 66. Rf7+ Kg5 67. Rg7+ Kf4 68. Rh7 h3 69. Rf7+ Kg3 0-1

[Event "Titled Tuesday intern op 10th May Early"]
[Site "Chess.com INT"]
[Date "2022.05.10"]
[Round "6"]
[White "Navalgund, Niranjan"]
[Black "Khubukshanov, Erdem"]
[Result "0-1"]
[WhiteElo "2246"]
[BlackElo "2392"]
[PlyCount "60"]
[EventDate "2022.05.10"]
[EventType "swiss (blitz)"]
[EventRounds "11"]
[EventCountry "USA"]
[SourceTitle "CBM 208 Extra"]
[Source "ChessBase"]
[SourceDate "2022.07.31"]
[SourceVersion "1"]
[SourceVersionDate "2022.07.31"]
[SourceQuality "1"]

1. e4 c6 2. Nc3 d5 3. Nf3 Bg4 4. h3 Bxf3 5. Qxf3 e6 6. g3 Nd7 7. Bg2 Ngf6 8. 0-0 Bb4 9. d3 0-0 10. Qe2 Qa5 11. e5 Bxc3 12. bxc3 Qxc3 13. exf6 Qxa1 14. fxg7 Qxg7 15. Kh2 Rae8 16. f4 f5 17. g4 e5 18. gxf5 exf4 19. Qh5 Nf6 20. Qh4 Re2 21. Rf2 Rxf2 22. Qxf2 Nh5 23. Qe2 f3 24. Qxf3 Qe5+ 25. Kh1 Rxf5 26. Qg4+ Kf7 27. Bh6 Ng3+ 28. Kg1 Ne2+ 29. Kh1 Qa1+ 30. Kh2 Qg1# 0-1

[Event "Titled Tuesday intern op 10th May Early"]
[Site "Chess.com INT"]
[Date "2022.05.10"]
[Round "5"]
[White "Perdomo, Carlos Andres"]
[Black "Navalgund, Niranjan"]
[Result "0-1"]
[WhiteElo "2301"]
[BlackElo "2246"]
[PlyCount "98"]
[EventDate "2022.05.10"]
[EventType "swiss (blitz)"]
[EventRounds "11"]
[EventCountry "USA"]
[SourceTitle "CBM 208 Extra"]
[Source "ChessBase"]
[SourceDate "2022.07.31"]
[SourceVersion "1"]
[SourceVersionDate "2022.07.31"]
[SourceQuality "1"]

1. c4 Nf6 2. Nc3 e5 3. Nf3 Nc6 4. e3 Bb4 5. Nd5 Nxd5 6. cxd5 Ne7 7. Nxe5 Nxd5 8. Qb3 c6 9. Bc4 Qe7 10. Bxd5 cxd5 11. Qxd5 0-0 12. 0-0 Qd6 13. Qxd6 Bxd6 14. Nc4 Bc7 15. d4 b5 16. Nd2 Ba6 17. Nb3 b4 18. Re1 Bb6 19. Bd2 Rfc8 20. Rec1 Bc4 21. Nc5 d5 22. Bxb4 a5 23. Ba3 Bxc5 24. dxc5 a4 25. Rxc4 dxc4 26. Rc1 Rd8 27. Kf1 Rd2 28. Rxc4 f6 29. c6 Rc8 30. Ke1 Rd5 31. Bb4 Rb5 32. a3 Kf7 33. Kd2 Ke6 34. Kc2 Rb6 35. c7 Kd7 36. Ba5 Rc6 37. Rxc6 Kxc6 38. b4 axb3+ 39. Kxb3 Kb5 40. Bc3 Rxc7 41. Kc2 Kc4 42. Bb4 Rd7 43. g3 Rd3 44. h4 f5 45. Bf8 g6 46. Bb4 Rb3 47. Kd2 Rb2+ 48. Ke1 Kd3 49. Bc5 Rb1# 0-1

[Event "Titled Tuesday intern op 03rd May Early"]
[Site "Chess.com INT"]
[Date "2022.05.03"]
[Round "5"]
[White "Djokic, Mihailo"]
[Black "Navalgund, Niranjan"]
[Result "0-1"]
[WhiteElo "2194"]
[BlackElo "2246"]
[PlyCount "54"]
[EventDate "2022.05.03"]
[EventType "swiss (blitz)"]
[EventRounds "11"]
[EventCountry "USA"]
[SourceTitle "CBM 208 Extra"]
[Source "ChessBase"]
[SourceDate "2022.07.31"]
[SourceVersion "1"]
[SourceVersionDate "2022.07.31"]
[SourceQuality "1"]

1. e4 e5 2. Nf3 Nc6 3. Nc3 Nf6 4. Bb5 Bb4 5. 0-0 0-0 6. d3 d6 7. Bg5 Bxc3 8. bxc3 Ne7 9. Nh4 c6 10. Bc4 d5 11. Bb3 Qd6 12. f4 Ng6 13. Nxg6 fxg6 14. exd5 cxd5 15. Qd2 Qc5+ 16. d4 exd4 17. cxd4 Qd6 18. Rae1 Bf5 19. Bxf6 gxf6 20. Qa5 Rfd8 21. Bxd5+ Kh8 22. c4 b6 23. Qd2 Rac8 24. h3 b5 25. g4 bxc4 26. Bb7 c3 27. Qe3 Rc7 0-1

[Event "IND-ch Blitz"]
[Site "Nashik"]
[Date "2022.04.30"]
[Round "5"]
[White "Navalgund, Niranjan"]
[Black "Nagare, Akhilesh"]
[Result "1-0"]
[WhiteElo "2246"]
[BlackElo "1846"]
[PlyCount "71"]
[EventDate "2022.04.30"]
[EventType "swiss (blitz)"]
[EventRounds "11"]
[EventCountry "IND"]
[SourceTitle "CBM 208 Extra"]
[Source "ChessBase"]
[SourceDate "2022.07.31"]
[SourceVersion "1"]
[SourceVersionDate "2022.07.31"]
[SourceQuality "1"]

1. e4 c5 2. Nf3 d6 3. Bb5+ Bd7 4. Bxd7+ Nxd7 5. 0-0 Ngf6 6. Qe2 e6 7. c3 Be7 8. d4 0-0 9. e5 Ne8 10. Rd1 Rc8 11. dxc5 Nxc5 12. exd6 Nxd6 13. Bf4 Qb6 14. Na3 Nce4 15. Rd4 Nf6 16. Bxd6 Bxd6 17. Nc4 Qa6 18. Rxd6 Qxc4 19. Qxc4 Rxc4 20. Rad1 Rc7 21. Ne5 h6 22. c4 g5 23. b3 Kg7 24. f3 Rfc8 25. Kf2 a6 26. R1d4 Ng8 27. h4 Ne7 28. Rd7 Nf5 29. Rd2 Nxh4 30. Nxf7 Kf6 31. Nxh6 b5 32. Ng4+ Kg6 33. Ne5+ Kf6 34. Ng4+ Kg6 35. R7d6 Rc6 36. Ne5+ 1-0

[Event "IND-ch Blitz"]
[Site "Nashik"]
[Date "2022.04.30"]
[Round "11"]
[White "Navalgund, Niranjan"]
[Black "Sa, Kannan"]
[Result "1-0"]
[WhiteElo "2246"]
[BlackElo "1923"]
[PlyCount "103"]
[EventDate "2022.04.30"]
[EventType "swiss (blitz)"]
[EventRounds "11"]
[EventCountry "IND"]
[SourceTitle "CBM 208 Extra"]
[Source "ChessBase"]
[SourceDate "2022.07.31"]
[SourceVersion "1"]
[SourceVersionDate "2022.07.31"]
[SourceQuality "1"]

1. d4 d5 2. Nf3 Nf6 3. c4 e6 4. g3 Ne4 5. Bg2 f5 6. 0-0 c6 7. b3 Nd7 8. Qc2 Bd6 9. Ba3 0-0 10. Bxd6 Nxd6 11. Nbd2 Qf6 12. Qb2 Nf7 13. e3 g5 14. cxd5 exd5 15. b4 h5 16. h4 g4 17. Ne1 Nd6 18. Nd3 Qe7 19. Nf4 Nf6 20. Ng6 Qe6 21. Nxf8 Kxf8 22. Rae1 a5 23. f3 axb4 24. fxg4 Nxg4 25. e4 dxe4 26. Nxe4 Nxe4 27. Rxe4 Qd6 28. d5 Qf6 29. Qxb4+ Kf7 30. dxc6 bxc6 31. Qb3+ Kg6 32. Re8 Qd4+ 33. Kh1 Nf6 34. Rf8 Be6 35. Qxe6 Rxf8 36. Qxf5+ Kg7 37. Bxc6 Qe3 38. Qg5+ Qxg5 39. hxg5 Nh7 40. Rxf8 Nxf8 41. a4 Kg6 42. Kg2 Kxg5 43. Kh3 Ne6 44. Bd5 Nc5 45. a5 h4 46. g4 Nd3 47. Bf3 Nb4 48. Be2 Nd5 49. a6 Nf4+ 50. Kh2 Nd5 51. a7 Nc7 52. Kh3 1-0

[Event "Titled Tuesday intern op 08th Feb Early"]
[Site "Chess.com INT"]
[Date "2022.02.08"]
[Round "5"]
[White "Navalgund, Niranjan"]
[Black "Artemenko, Oleg"]
[Result "0-1"]
[WhiteElo "2289"]
[BlackElo "2246"]
[PlyCount "90"]
[EventDate "2022.02.08"]
[EventType "swiss (blitz)"]
[EventRounds "11"]
[EventCountry "USA"]
[SourceTitle "CBM 206 Extra"]
[Source "ChessBase"]
[SourceDate "2022.03.31"]
[SourceVersion "1"]
[SourceVersionDate "2022.03.31"]
[SourceQuality "1"]

1. e4 e6 2. e5 d5 3. exd6 cxd6 4. d4 Nc6 5. Nf3 Nf6 6. Bd3 Be7 7. 0-0 0-0 8. Bg5 h6 9. Bf4 Qb6 10. Nc3 Qxb2 11. Qd2 Qa3 12. Rab1 h5 13. Rb3 Qa5 14. Bh6 a6 15. Bxg7 Kxg7 16. Rb5 Ne4 17. Bxe4 axb5 18. Re1 Bd7 19. Qd3 d5 20. Bxd5 exd5 21. Nxd5 Rfe8 22. h3 Bd6 23. Ne5 Qxe1+ 24. Kh2 Nxe5 25. Qg3+ Ng6 26. Qxd6 Bc6 27. Qf6+ Kg8 28. Ne3 Rxe3 29. fxe3 Qxe3 30. a3 Qf4+ 31. Qxf4 Nxf4 32. Kg3 Ne2+ 33. Kh4 Nxd4 34. a4 bxa4 35. c4 a3 36. c5 a2 37. g4 a1Q 38. g5 Ne6 39. Kxh5 Qh8+ 40. Kg4 Ra4+ 41. Kf5 Qc3 42. g6 Ra2 43. gxf7+ Kxf7 44. h4 Qf6+ 45. Kg4 Qf3# 0-1